000 00592nam a2200217 i 4500
001 94396
003 ES-MaACL
005 20250627063640.0
007 t|
008 050429s1978 sp ||||1| spa d
100 1 _aLorén, Santiago,
_d1918-2010
_974093
245 1 3 _aLa frigidez sexual /
_cSantiago Lorén.
250 _a[1ª ed.].
260 _aMadrid :
_bCupsa,
_c1978.
300 _a236 p. ;
_c19 cm.
490 1 _aHombre y mujer
650 4 _aFrigidez.
_9163386
830 0 _aHombre y mujer
_9232143
852 _aES-MaACL
_jA-8549
_bR.97561
999 _c94396
_d94396